000 00381nam a2200157Ia 4500
008 230917s9999||||xx |||||||||||||| ||und||
040 _e233433
_aMAIN
041 _aEnglish
082 _a954.5 F272S(2)
100 _aFauja Singh
245 0 _aSirhind through the ages
250 _a2nd ed.
260 _aPatiala
_bPunjab University
_c1984
300 _ax, 154 p.
942 _cBK
999 _c168472
_d168472